LIBRARY & INFORMATION CENTRE, KCAET, TAVANUR

ONLINE PUBLIC ACCESS CATALOGUE (OPAC)

Performance evaluation of pop-up sprinklers and development of a master control unit for irrigation (Record no. 15267)

MARC details
000 -LEADER
fixed length control field 00843nam a22002057a 4500
003 - CONTROL NUMBER IDENTIFIER
control field OSt
088 ## - REPORT NUMBER
Report number P 29
100 ## - MAIN ENTRY--AUTHOR NAME
Personal name INDU G. NAIR
245 ## - TITLE STATEMENT
Title Performance evaluation of pop-up sprinklers and development of a master control unit for irrigation
260 ## - PUBLICATION, DISTRIBUTION, ETC. (IMPRINT)
Place of publication Tavanur 1993
Name of publisher Departmentof land & Water Resources a Conservation Engineering
300 ## - PHYSICAL DESCRIPTION
Number of Pages 102
500 ## - GENERAL NOTE
General note Performance evaluation of pop-up sprinklers and development of a master control unit for irrigation
520 ## - SUMMARY, ETC.
Summary, etc Performance evaluation of pop-up sprinklers and development of a master control unit for irrigation
700 ## - ADDED ENTRY--PERSONAL NAME
Personal name Manoj P. Samuel
700 ## - ADDED ENTRY--PERSONAL NAME
Personal name Suma Nair
700 ## - ADDED ENTRY--PERSONAL NAME
Personal name Er. Xavier K. Jacob (Guide)
856 ## - ELECTRONIC LOCATION AND ACCESS
Uniform Resource Identifier https://drive.google.com/open?id=1XiU9lZQgjAQeM2Sy73Cc5mkPe_AQDwq5
942 ## - ADDED ENTRY ELEMENTS (KOHA)
Koha item type Project Report
Holdings
Collection code Home library Current library Shelving location Full call number Accession Number Koha item type
Reference KAUAET KAUAET Reference 631.75807 IND/PE P 29 Project Report
free website counter